[Event "ch-ISR 2013"]
[Site "Acre ISR"]
[Date "2013.04.11"]
[Round "6.6"]
[White "Golod, Vitali"]
[Black "Axelrod, Arie"]
[Result "1-0"]
[WhiteTitle "GM"]
[BlackTitle "FM"]
[WhiteElo "2573"]
[BlackElo "2328"]
[WhiteFideId "2804140"]
[BlackFideId "2804867"]
[EventDate "2013.04.06"]

1. d4 Nf6 2. c4 e6 3. Nc3 Bb4 4. Qc2 c5 5. dxc5 Na6 6. a3 Bxc3+ 7. Qxc3 Nxc5 8.
b4 Nce4 9. Qb2 d5 10. c5 d4 11. e3 e5 12. Bb5+ Bd7 13. Bxd7+ Qxd7 14. Nf3 Ng4
15. O-O dxe3 16. Bxe3 f6 17. Rae1 h6 18. Qc2 Nxe3 19. Rxe3 Ng5 20. Rd1 Qc7 21.
Qg6+ Kf8 22. Red3 Qf7 23. Nxe5 1-0

[Event "ch-ISR 2013"]
[Site "Acre ISR"]
[Date "2013.04.11"]
[Round "6.7"]
[White "Popilski, Gil"]
[Black "Soffer, Ram"]
[Result "0-1"]
[WhiteTitle "GM"]
[BlackTitle "GM"]
[WhiteElo "2523"]
[BlackElo "2516"]
[WhiteFideId "2809060"]
[BlackFideId "2800101"]
[EventDate "2013.04.06"]

1. e4 c5 2. Nf3 a6 3. c3 e6 4. d4 d5 5. e5 Bd7 6. Be3 cxd4 7. cxd4 Bb5 8. Bxb5+
axb5 9. O-O b4 10. Qd3 Nc6 11. Nbd2 Nge7 12. Nb3 Qb6 13. Rfc1 Nf5 14. Bg5 h6 15.
Bd2 Be7 16. g4 Nh4 17. Nxh4 Bxh4 18. f4 Be7 19. Kh1 h5 20. f5 hxg4 21. fxe6 Nxe5
22. Qf5 Nf3 23. exf7+ Kf8 24. Bf4 Nxh2 25. Kg2 Nf3 26. Qxg4 Qg6 27. Qxg6 Nh4+
28. Kf2 Nxg6 29. Bg3 Kxf7 30. Rc7 Rhc8 31. Kf3 Rxc7 32. Bxc7 Nf8 33. Nc1 Ne6 34.
Be5 Rc8 35. Nd3 Rc4 36. Rd1 Bf6 37. b3 Nxd4+ 38. Kg4 Nxb3+ 0-1

[Event "ch-ISR 2013"]
[Site "Acre ISR"]
[Date "2013.04.11"]
[Round "6.8"]
[White "Judkovsky, Yair"]
[Black "Zoler, Dan"]
[Result "1/2-1/2"]
[BlackTitle "GM"]
[WhiteElo "2355"]
[BlackElo "2553"]
[WhiteFideId "2804930"]
[BlackFideId "2800705"]
[EventDate "2013.04.06"]

1. e4 c5 2. Nf3 d6 3. d4 cxd4 4. Nxd4 Nf6 5. Nc3 a6 6. Bc4 e6 7. Bb3 Be7 8. O-O
O-O 9. Be3 b5 10. a3 Bb7 11. f3 Nc6 12. Nxc6 Bxc6 13. Qe2 Qc7 14. Rad1 Rab8 15.
Bd4 a5 16. e5 dxe5 17. Bxe5 Qb6+ 18. Kh1 Rbd8 19. Rxd8 Rxd8 20. Rd1 Rxd1+ 21.
Nxd1 Nd7 22. Bg3 Nc5 23. Ba2 Qb7 24. h3 b4 25. axb4 axb4 26. Bc4 h6 27. b3 Qa8
28. Nf2 Nd7 29. Nd3 Nf6 30. Be5 Nd5 31. Qf2 Qa5 32. Kh2 f6 33. Bg3 Kf7 34. Qe2
Bd7 35. Nf4 Bc8 1/2-1/2

[Event "ch-ISR 2013"]
[Site "Acre ISR"]
[Date "2013.04.11"]
[Round "6.9"]
[White "Nakar, Eylon"]
[Black "Gofshtein, Leonid"]
[Result "1/2-1/2"]
[WhiteTitle "IM"]
[BlackTitle "GM"]
[WhiteElo "2389"]
[BlackElo "2457"]
[WhiteFideId "2811111"]
[BlackFideId "2801574"]
[EventDate "2013.04.06"]

1. e4 c5 2. Nf3 d6 3. d4 Nf6 4. Nc3 cxd4 5. Nxd4 a6 6. h3 e6 7. g4 Be7 8. g5
Nfd7 9. h4 Nc6 10. Be3 O-O 11. Rg1 Nde5 12. Be2 b5 13. a3 Na5 14. f4 Nec4 15.
Bc1 d5 16. b4 dxe4 17. Rg3 Ra7 18. Nxe4 e5 19. Nb3 Rd7 20. Rd3 Nc6 21. Rxd7 Bxd7
22. Nec5 Nd4 23. Nxd4 Bxc5 24. bxc5 exd4 25. Bxc4 bxc4 26. Qxd4 Qa8 27. Bb2 Qh1+
28. Kd2 Qg2+ 29. Kc1 Qf1+ 30. Kd2 Qg2+ 31. Kc1 Qf1+ 32. Kd2 1/2-1/2

[Event "ch-ISR 2013"]
[Site "Acre ISR"]
[Date "2013.04.11"]
[Round "6.10"]
[White "Svoisky, Daniel"]
[Black "Boruchovsky, Avital"]
[Result "1/2-1/2"]
[BlackTitle "IM"]
[WhiteElo "2227"]
[BlackElo "2445"]
[WhiteFideId "2801787"]
[BlackFideId "2800055"]
[EventDate "2013.04.06"]

1. e4 c5 2. Nf3 d6 3. d4 cxd4 4. Nxd4 Nf6 5. Nc3 Nc6 6. Bg5 e6 7. Qd2 a6 8.
O-O-O h6 9. Bf4 Bd7 10. Nxc6 Bxc6 11. f3 e5 12. Be3 b5 13. Kb1 Be7 14. h4 Qc7
15. g4 Rd8 16. Nd5 Nxd5 17. exd5 Bd7 18. Bd3 Rc8 19. h5 Qd8 20. Qf2 Bg5 21. f4
exf4 22. Bxf4 O-O 23. Bxd6 Bxg4 24. Bxf8 Bxd1 25. Rxd1 Kxf8 26. Bf5 Rc6 27. Bg4 1/2-1/2

[Event "ch-ISR 2013"]
[Site "Acre ISR"]
[Date "2013.04.11"]
[Round "6.12"]
[White "Arlinsky, Uriel"]
[Black "Baron, Tal"]
[Result "1/2-1/2"]
[WhiteTitle "FM"]
[BlackTitle "GM"]
[WhiteElo "2318"]
[BlackElo "2473"]
[WhiteFideId "2809575"]
[BlackFideId "2809958"]
[EventDate "2013.04.06"]

1. d4 Nf6 2. c4 e6 3. Nc3 Bb4 4. e3 O-O 5. Ne2 d5 6. a3 Be7 7. cxd5 exd5 8. g3
c6 9. Bg2 Re8 10. O-O Nbd7 11. Nf4 Nf8 12. b4 a6 13. Qb3 Ne6 14. Nd3 Ng5 15. f3
Bh3 16. Ra2 Qc8 17. Na4 Bd8 18. Ne5 Bc7 19. Qc3 a5 20. Nc5 axb4 21. Qxb4 b6 22.
Ncd3 c5 23. Qb2 Bxg2 24. Kxg2 Qa6 25. a4 Ne6 26. Rf2 Bd6 27. Bd2 Reb8 28. Bc3
Ne8 29. Rd2 f6 30. Ng4 Qc4 31. Qa1 cxd4 32. Bxd4 h5 33. Ngf2 Nxd4 34. exd4 Rc8
35. Qb1 h4 36. Ng4 hxg3 37. hxg3 Rxa4 38. Rxa4 Qxa4 39. Ndf2 Qb4 40. Rb2 Qxd4
41. Rxb6 Rc1 42. Qxc1 Qxb6 43. Qc8 Kf8 44. Qf5 Qc5 45. Qe6 Bb8 46. Ne3 Ba7 47.
Nfg4 d4 48. Nf5 d3 49. Nge3 d2 50. Nh4 Qh5 51. Nd1 Qf7 52. Qe4 Kg8 53. Nf5 Qd7
54. g4 Nc7 55. Ng3 Qd6 56. Ne2 Ne6 57. f4 Bb8 58. Qc4 Kf8 59. Qc8+ Ke7 60. Qb7+
Bc7 61. Qe4 Kf7 62. Qc4 Kf8 63. Kf3 Qa3+ 64. Kg2 Qd6 65. Kf3 g5 66. f5 Nc5 67.
Nec3 Qg3+ 68. Ke2 Qe1+ 69. Kf3 Bd6 70. Nf2 Nd7 71. Qc8+ Qe8 72. Qxe8+ Kxe8 73.
Ke2 Ke7 1/2-1/2

[Event "ch-ISR 2013"]
[Site "Acre ISR"]
[Date "2013.04.11"]
[Round "6.13"]
[White "Caspi, Israel"]
[Black "Givon, Asaf"]
[Result "1/2-1/2"]
[WhiteTitle "IM"]
[BlackTitle "FM"]
[WhiteElo "2461"]
[BlackElo "2407"]
[WhiteFideId "2807394"]
[BlackFideId "2801841"]
[EventDate "2013.04.06"]

1. e4 c5 2. Nf3 d6 3. d4 cxd4 4. Nxd4 Nf6 5. Nc3 a6 6. Be3 e5 7. Nb3 Be6 8. Qd2
Nbd7 9. f3 h5 10. a4 Rc8 11. Be2 Be7 12. O-O O-O 13. a5 Qc7 14. Rfd1 Rfd8 15.
Bf2 d5 16. exd5 Nxd5 17. Nxd5 Bxd5 18. Qxd5 Nf6 19. Qc4 Rxd1+ 20. Rxd1 Qxc4 21.
Bxc4 Rxc4 22. c3 Rc6 23. Kf1 Kf8 24. Bg3 Bd6 25. Re1 Nd7 26. Ke2 b5 27. Kd3 Bc7
28. Rc1 f5 29. c4 e4+ 30. Ke3 exf3 31. Bxc7 Rxc7 32. gxf3 bxc4 33. Nd4 Kf7 34.
Nxf5 Ne5 35. Ke4 Kf6 36. Ne3 Rb7 37. Nd5+ Ke6 38. Nb6 Rf7 39. Nxc4 Nxf3 40. Rd1
Ng5+ 41. Ke3 Rf3+ 42. Ke2 Rf4 43. b3 Ne4 44. Ke3 g5 45. Rd4 Nc5 46. Rxf4 gxf4+
47. Kxf4 Nxb3 48. Kg5 Kd5 49. Nb6+ Ke6 50. Kxh5 Nxa5 51. Kg6 Nc6 52. h4 Ke5 1/2-1/2

[Event "ch-ISR 2013"]
[Site "Acre ISR"]
[Date "2013.04.11"]
[Round "6.14"]
[White "Steinberg, Nitzan"]
[Black "Shachar, Ehud"]
[Result "1/2-1/2"]
[BlackTitle "FM"]
[WhiteElo "2425"]
[BlackElo "2357"]
[WhiteFideId "2801795"]
[BlackFideId "2802198"]
[EventDate "2013.04.06"]

1. e4 e6 2. d4 d5 3. Nc3 Bb4 4. e5 c5 5. a3 Bxc3+ 6. bxc3 Qa5 7. Bd2 Qa4 8. Qb1
c4 9. Nf3 Nc6 10. Be2 Nge7 11. h4 Bd7 12. h5 h6 13. Qc1 O-O-O 14. Be3 Nf5 15.
Bf4 Rdf8 16. Qd2 Rhg8 17. g3 Kb8 18. Kf1 Ka8 19. Kg2 Qa5 20. Rh3 a6 21. Kh2 Qb6
22. g4 Nfe7 23. Rg3 Rh8 24. Kg2 Ka7 25. Be3 Ka8 26. Bf4 Ka7 27. Qc1 Ka8 28. Be3
Qa5 29. Qd2 Qb6 30. a4 Qc7 31. Bf4 Qb6 32. Qc1 Bc8 33. Qa3 Qa5 34. Rb1 Qd8 35.
Qc5 Qa5 36. Qa3 Bd7 37. Nd2 Qc7 38. Be3 Bc8 39. Qd6 Qa5 40. Qa3 Qc7 41. Ra1 Qa5
42. Qb2 Bd7 43. Kg1 Qc7 44. Qa3 Bc8 45. Qc5 Qa5 46. Qxa5 Nxa5 47. Nf3 Bd7 48.
Bc1 Re8 49. Nh4 Reg8 50. Ba3 Nac6 51. Bc5 Nc8 52. Kg2 b6 53. Ba3 Kb7 54. f4 g6
55. Rf1 N6e7 56. Ra1 a5 57. Bc1 gxh5 58. gxh5 Rxg3+ 59. Kxg3 Rg8+ 60. Kf2 Nf5
61. Nxf5 exf5 62. Bf3 Be6 63. Ba3 Kc6 64. Rg1 Rh8 65. Ke3 Kd7 66. Kd2 Kc6 67.
Kc1 Kd7 68. Kb2 Ne7 69. Rb1 Nc8 70. Kc1 Rg8 71. Kd2 Kc6 72. Ke3 Kd7 73. Kf2 Kc6
74. Bc1 Na7 75. Ba3 Nc8 76. Rg1 Rh8 77. Bg2 Kd7 78. Bh3 Ne7 79. Rg7 Ke8 80. Bg2
Kd7 81. Bh1 Nc8 82. Ke3 Ne7 83. Kd2 Nc8 84. Rg1 Kc6 85. Kc1 Kd7 86. Bf3 Ne7 87.
Kb2 Nc8 88. Ka1 1/2-1/2

[Event "ch-ISR 2013"]
[Site "Acre ISR"]
[Date "2013.04.11"]
[Round "6.15"]
[White "Shvayger, Yuliya"]
[Black "Zalkind, Konstantin"]
[Result "1-0"]
[WhiteTitle "WFM"]
[BlackTitle "FM"]
[WhiteElo "2273"]
[BlackElo "2254"]
[WhiteFideId "14100126"]
[BlackFideId "2803461"]
[EventDate "2013.04.06"]

1. e4 c6 2. d4 d5 3. e5 Bf5 4. Nf3 e6 5. Be2 Nd7 6. O-O h6 7. Nbd2 Ne7 8. Nb3
Nc8 9. a4 Be7 10. a5 a6 11. Ne1 O-O 12. Bg4 Bxg4 13. Qxg4 Kh7 14. Nd3 Qc7 15.
Be3 Na7 16. f4 f5 17. exf6 Rxf6 18. Ne5 Nb5 19. Rae1 Raf8 20. Bd2 Qd8 21. Nd3
Nc7 22. Rf3 Qe8 23. Rh3 Qg6 24. Qe2 Bd6 25. Be3 Nb5 26. Nd2 Bc7 27. Ra1 c5 28.
Nf3 cxd4 29. Nxd4 Qe4 30. Nf3 Kg8 31. c3 Nd6 32. Nfe5 Nb8 33. Nc5 Qh7 34. Ned7
Nxd7 35. Nxd7 R6f7 36. Nxf8 Rxf8 37. Bc5 Re8 38. Qh5 Rd8 39. Qe5 Qf5 40. Bxd6 1-0

[Event "ch-ISR 2013"]
[Site "Acre ISR"]
[Date "2013.04.11"]
[Round "6.16"]
[White "Birnboim, Nathan"]
[Black "Katzir, Moshe"]
[Result "1-0"]
[WhiteTitle "IM"]
[WhiteElo "2370"]
[BlackElo "2201"]
[WhiteFideId "2800209"]
[BlackFideId "2802260"]
[EventDate "2013.04.06"]

1. e4 c5 2. Nf3 e6 3. Be2 Nc6 4. O-O Nf6 5. Nc3 a6 6. d4 cxd4 7. Nxd4 Qc7 8. Kh1
Bb4 9. Nxc6 bxc6 10. Qd4 c5 11. Qe3 Bxc3 12. Qxc3 O-O 13. f3 d5 14. Be3 dxe4 15.
Qxc5 Qxc5 16. Bxc5 Re8 17. fxe4 Nxe4 18. Bf3 Bb7 19. Bb6 Bc6 20. Rfe1 f5 21. b3
Rac8 22. c4 e5 23. Kg1 Nf6 24. Bxc6 Rxc6 25. Ba5 e4 26. Rad1 Nh5 27. Rd5 Rf6 1-0

[Event "ch-ISR 2013"]
[Site "Acre ISR"]
[Date "2013.04.12"]
[Round "7.3"]
[White "Rodshtein, Maxim"]
[Black "Mikhalevski, Victor"]
[Result "1/2-1/2"]
[WhiteTitle "GM"]
[BlackTitle "GM"]
[WhiteElo "2639"]
[BlackElo "2530"]
[WhiteFideId "2806851"]
[BlackFideId "2801914"]
[EventDate "2013.04.06"]

1. d4 Nf6 2. c4 g6 3. Nc3 d5 4. Nf3 Bg7 5. Qb3 dxc4 6. Qxc4 O-O 7. e4 Nc6 8. Be2
Bg4 9. d5 Na5 10. Qb4 Bxf3 11. Bxf3 c6 12. O-O Qb6 13. Qa4 Nd7 14. Rd1 Nc5 15.
Qc2 Qb4 16. Rb1 Nc4 17. h3 Rac8 18. Bg4 Rcd8 19. Bg5 Rfe8 20. Be2 Rc8 21. Rdc1
Nd6 22. dxc6 bxc6 23. a3 Qb3 24. Be3 Qxc2 25. Rxc2 Nb3 26. Ba6 Rb8 27. Na4 Nd4
28. Rd2 N4b5 29. Rc1 Nxe4 30. Rdd1 c5 31. Nxc5 Nbd6 32. b4 Nc3 33. Rd2 Nf5 34.
Bf4 Rbd8 35. Rdc2 Nd5 36. Bd2 Nd4 37. Ra2 Rd6 38. Bf1 Rb8 39. Ne4 Rdd8 40. Nc5
Rb6 41. Rc4 Nb5 42. Ne4 Nd4 43. Nc3 Nxc3 44. Bxc3 Ne6 45. g3 Rbd6 46. Kg2 Bxc3
47. Rxc3 Rd1 48. Rac2 Kg7 49. h4 h6 50. Rc1 R1d2 51. R3c2 g5 52. hxg5 Nxg5 53.
a4 Ne4 54. Be2 R8d4 55. Rxd2 Rxd2 56. Kf3 Rd4 57. Rc7 Rxb4 58. Rxa7 Nc3 1/2-1/2

[Event "ch-ISR 2013"]
[Site "Acre ISR"]
[Date "2013.04.12"]
[Round "7.5"]
[White "Roiz, Michael"]
[Black "Popilski, Gil"]
[Result "1/2-1/2"]
[WhiteTitle "GM"]
[BlackTitle "GM"]
[WhiteElo "2623"]
[BlackElo "2523"]
[WhiteFideId "2804158"]
[BlackFideId "2809060"]
[EventDate "2013.04.06"]

1. d4 Nf6 2. c4 g6 3. g3 d5 4. cxd5 Nxd5 5. Bg2 Bg7 6. Nf3 Nb6 7. Nc3 Nc6 8. e3
O-O 9. O-O Re8 10. a3 a5 11. d5 Bxc3 12. dxc6 Bg7 13. Nd4 bxc6 14. Nxc6 Qxd1 15.
Rxd1 Kf8 16. Nd4 Rb8 17. Nc6 Ra8 18. Rd2 Be6 19. Nd4 Bd5 20. Bxd5 Nxd5 21. Nc6
Ra6 22. Rc2 Nc3 23. Nxa5 Rxa5 24. Bd2 Rb8 25. Bxc3 Bxc3 26. Rxc3 Rxb2 27. Rxc7
Rf5 28. Rf1 Ra2 29. Ra7 Rb5 30. Rd1 Rbb2 31. Rf1 1/2-1/2

[Event "ch-ISR 2013"]
[Site "Acre ISR"]
[Date "2013.04.12"]
[Round "7.6"]
[White "Zoler, Dan"]
[Black "Gruenfeld, Yehuda"]
[Result "1-0"]
[WhiteTitle "GM"]
[BlackTitle "GM"]
[WhiteElo "2553"]
[BlackElo "2434"]
[WhiteFideId "2800705"]
[BlackFideId "2800020"]
[EventDate "2013.04.06"]

1. d4 Nf6 2. c4 e6 3. Nf3 Bb4+ 4. Nbd2 d5 5. Qa4+ Nc6 6. e3 O-O 7. a3 Bxd2+ 8.
Bxd2 Ne4 9. Qc2 Nxd2 10. Qxd2 dxc4 11. Bxc4 b6 12. Rc1 Bb7 13. b4 Qd6 14. Qb2
Rae8 15. O-O e5 16. b5 Na5 17. Nxe5 Nxc4 18. Nxc4 Qe6 19. Rfe1 a6 20. a4 axb5
21. axb5 Bd5 22. Nd2 Qg6 23. f3 Re7 24. e4 Rfe8 25. Rc3 f5 26. e5 Qh6 27. Nf1
Rf7 28. Ra1 g5 29. Ra7 Qg7 30. Qc2 Ree7 31. Nd2 g4 32. Kf1 Qh6 33. Raxc7 Rxc7
34. Rxc7 Qxh2 35. Rxf7 Qh1+ 36. Ke2 Qxg2+ 37. Kd3 Bxf7 38. Qc8+ Kg7 1-0

[Event "ch-ISR 2013"]
[Site "Acre ISR"]
[Date "2013.04.12"]
[Round "7.7"]
[White "Berkovich, Mark A"]
[Black "Greenfeld, Alon"]
[Result "1/2-1/2"]
[WhiteTitle "IM"]
[BlackTitle "GM"]
[WhiteElo "2364"]
[BlackElo "2545"]
[WhiteFideId "2801639"]
[BlackFideId "2800039"]
[EventDate "2013.04.06"]

1. d4 Nf6 2. Nf3 g6 3. g3 c5 4. c3 b6 5. Bg2 Bb7 6. O-O d6 7. Qb3 Nbd7 8. Ne5
dxe5 9. Bxb7 Rb8 10. Bg2 cxd4 11. cxd4 exd4 12. Na3 e5 13. e3 dxe3 14. Bxe3 Bc5
15. Nb5 a6 16. Na7 Qc7 17. Nc6 Rc8 18. Rac1 e4 19. Nb4 Qb7 20. Bh6 a5 21. Nd3
Bf8 22. Bf4 Be7 23. Rxc8+ Qxc8 24. Rc1 Qa6 25. Ne5 Nxe5 26. Bxe5 O-O 27. Bf1 Qa8
28. Qxb6 Nd7 29. Qb5 Nxe5 30. Qxe5 1/2-1/2

[Event "ch-ISR 2013"]
[Site "Acre ISR"]
[Date "2013.04.12"]
[Round "7.8"]
[White "Axelrod, Arie"]
[Black "Raznikov, Danny"]
[Result "1-0"]
[WhiteTitle "FM"]
[BlackTitle "IM"]
[WhiteElo "2328"]
[BlackElo "2488"]
[WhiteFideId "2804867"]
[BlackFideId "2811154"]
[EventDate "2013.04.06"]

1. e4 c6 2. d4 d5 3. exd5 cxd5 4. Nf3 Nc6 5. Bb5 e6 6. O-O Bd6 7. c4 Ne7 8. Nc3
O-O 9. Re1 a6 10. Bxc6 Nxc6 11. cxd5 exd5 12. h3 Be6 13. Bg5 Qc7 14. Rc1 h6 15.
Be3 Rfe8 16. Na4 Rad8 17. a3 Qc8 18. Nb6 Qb8 19. Qd2 Bf5 20. Kh1 Be4 21. Ng1 Bc7
22. Na4 Na5 23. Nc5 Nc4 24. Qc3 Bf5 25. Nf3 Qc8 26. Nh4 Bxh3 27. Bxh6 Bg4 28.
Bg5 f6 29. Bxf6 gxf6 30. Qd3 f5 31. f3 Rxe1+ 32. Rxe1 Re8 33. Rf1 Qd8 34. Ng6
Re3 35. Qc2 Qd6 36. Ne5 Nxe5 37. Nxb7 Qh6+ 38. Kg1 Nc4 39. g3 Bxf3 1-0

[Event "ch-ISR 2013"]
[Site "Acre ISR"]
[Date "2013.04.12"]
[Round "7.9"]
[White "Gofshtein, Leonid"]
[Black "Judkovsky, Yair"]
[Result "1/2-1/2"]
[WhiteTitle "GM"]
[WhiteElo "2457"]
[BlackElo "2355"]
[WhiteFideId "2801574"]
[BlackFideId "2804930"]
[EventDate "2013.04.06"]

1. d4 Nf6 2. c4 g6 3. Nf3 Bg7 4. g3 O-O 5. Bg2 d6 6. O-O Nbd7 7. Qc2 e5 8. Rd1
Re8 9. e4 c6 10. Nc3 Qc7 11. h3 a5 12. Be3 exd4 13. Nxd4 Nc5 14. b3 Qe7 15. f3
d5 16. cxd5 Nxd5 17. Bf2 Nxc3 18. Qxc3 Ne6 19. Qe1 c5 20. Nxe6 Bxa1 21. Nxc5 Bg7
22. f4 Rb8 23. e5 b6 24. Ne4 Bb7 25. Nd6 Bxg2 26. Kxg2 Red8 27. Qe4 Qe6 28. g4
g5 29. Bg3 1/2-1/2

[Event "ch-ISR 2013"]
[Site "Acre ISR"]
[Date "2013.04.12"]
[Round "7.11"]
[White "Kantsler, Boris"]
[Black "Svoisky, Daniel"]
[Result "1-0"]
[WhiteTitle "GM"]
[WhiteElo "2427"]
[BlackElo "2227"]
[WhiteFideId "2805359"]
[BlackFideId "2801787"]
[EventDate "2013.04.06"]

1. Nf3 c5 2. c4 Nf6 3. Nc3 Nc6 4. d4 cxd4 5. Nxd4 e5 6. Ndb5 a6 7. Nd6+ Bxd6 8.
Qxd6 Qe7 9. Qxe7+ Nxe7 10. Bg5 O-O 11. O-O-O b5 12. c5 b4 13. Na4 Ra7 14. e4 h6
15. Bxf6 gxf6 16. Rd6 Kg7 17. Bc4 Nc6 18. Re1 Nd4 19. Re3 Ne6 20. Rg3+ Kh7 21.
Bxe6 fxe6 22. Kd2 Rc7 23. Nb6 a5 24. Rgd3 Rxc5 25. Nxd7 Bxd7 26. Rxd7+ Kg8 27.
Rg3+ Kh8 28. Rh3 Rfc8 29. Rxh6+ Kg8 30. Rg6+ Kh8 31. Ke3 f5 32. Rxe6 f4+ 33. Ke2
a4 34. Ra6 a3 35. bxa3 Rc2+ 36. Rd2 R2c3 37. axb4 R8c4 38. Rd8+ Kh7 39. Rd7+ 1-0

[Event "ch-ISR 2013"]
[Site "Acre ISR"]
[Date "2013.04.12"]
[Round "7.12"]
[White "Baron, Tal"]
[Black "Birnboim, Nathan"]
[Result "1-0"]
[WhiteTitle "GM"]
[BlackTitle "IM"]
[WhiteElo "2473"]
[BlackElo "2370"]
[WhiteFideId "2809958"]
[BlackFideId "2800209"]
[EventDate "2013.04.06"]

1. e4 e6 2. d4 d5 3. Nc3 Bb4 4. e5 Ne7 5. a3 Bxc3+ 6. bxc3 b6 7. Qg4 Ng6 8. h4
h5 9. Qd1 Ba6 10. Bxa6 Nxa6 11. Bg5 Qd7 12. Ne2 Qc6 13. f4 Ne7 14. Bxe7 Kxe7 15.
f5 exf5 16. Qd3 b5 17. Qxf5 Qe6 18. Qg5+ Kd7 19. Nf4 Qg4 20. Qxg4+ hxg4 21. Nxd5
Ke6 22. Ne3 c5 23. O-O-O Rad8 24. Nxg4 cxd4 25. cxd4 Kf5 26. Nf2 Nc7 27. Rh3 Rd7
28. Rf3+ Kg6 29. Rg3+ Kf5 30. Rg5+ Ke6 31. Ne4 Kd5 32. e6+ 1-0

[Event "ch-ISR 2013"]
[Site "Acre ISR"]
[Date "2013.04.12"]
[Round "7.13"]
[White "Arlinsky, Uriel"]
[Black "Caspi, Israel"]
[Result "0-1"]
[WhiteTitle "FM"]
[BlackTitle "IM"]
[WhiteElo "2318"]
[BlackElo "2461"]
[WhiteFideId "2809575"]
[BlackFideId "2807394"]
[EventDate "2013.04.06"]

1. d4 f5 2. c4 Nf6 3. Nc3 g6 4. h4 d6 5. h5 Nxh5 6. Rxh5 gxh5 7. e4 fxe4 8.
Qxh5+ Kd7 9. Qg4+ Ke8 10. Qh5+ Kd7 11. Qg4+ Ke8 12. Qh5+ Kd7 13. Qg4+ Ke8 14.
Qxe4 Qd7 15. Nd5 Kd8 16. Be3 c6 17. Nc3 Qf5 18. Qh4 Nd7 19. O-O-O Nf6 20. f3 Qh5
21. Qe1 Bh6 22. g4 Bxe3+ 23. Qxe3 Qf7 24. d5 Bd7 25. Nh3 Kc7 26. Ng5 Qg7 27.
dxc6 bxc6 28. c5 h6 29. Nh3 Rhd8 30. Qd2 Rab8 31. Ba6 Bc8 32. Nf4 Qg5 33. Na4
Kd7 34. cxd6 Bxa6 35. Qe3 exd6 36. Nc5+ Kc8 37. b4 Rxb4 38. Qe6+ Rd7 0-1

[Event "ch-ISR 2013"]
[Site "Acre ISR"]
[Date "2013.04.12"]
[Round "7.14"]
[White "Givon, Asaf"]
[Black "Shvayger, Yuliya"]
[Result "1/2-1/2"]
[WhiteTitle "FM"]
[BlackTitle "WFM"]
[WhiteElo "2407"]
[BlackElo "2273"]
[WhiteFideId "2801841"]
[BlackFideId "14100126"]
[EventDate "2013.04.06"]

1. e4 c5 2. Nf3 d6 3. d4 cxd4 4. Nxd4 Nf6 5. Nc3 a6 6. Be3 e5 7. Nb3 Be6 8. h3
Be7 9. Qf3 O-O 10. O-O-O Qc8 11. g4 a5 12. g5 Nfd7 13. a3 Na6 14. Kb1 Nc7 15. a4
Na6 16. Nd5 Bd8 17. c3 f5 18. gxf6 Nxf6 19. Qg2 Nxe4 20. Rg1 Rf7 21. Bb5 Nf6 22.
Nxf6+ Bxf6 23. Rxd6 Nc7 24. Nc5 Bxh3 25. Qg3 Bf5+ 26. Ka1 Qf8 27. Rxf6 Rxf6 28.
Bc4+ Kh8 29. Qxe5 Rc6 30. Bd4 Ne8 31. Rg5 Bg6 32. f4 Nd6 33. Bd5 Nf7 34. Bxf7
Qxf7 35. f5 Re8 36. Qg3 Rxc5 37. Bxc5 Rd8 38. Bd4 Qc4 39. Qe1 Rxd4 40. cxd4 Bf7
41. Kb1 Qa2+ 42. Kc1 Qc4+ 43. Kb1 Qa2+ 44. Kc1 Qc4+ 45. Kb1 Qa2+ 1/2-1/2

[Event "ch-ISR 2013"]
[Site "Acre ISR"]
[Date "2013.04.12"]
[Round "7.15"]
[White "Zalkind, Konstantin"]
[Black "Shachar, Ehud"]
[Result "0-1"]
[WhiteTitle "FM"]
[BlackTitle "FM"]
[WhiteElo "2254"]
[BlackElo "2357"]
[WhiteFideId "2803461"]
[BlackFideId "2802198"]
[EventDate "2013.04.06"]

1. e4 e6 2. d4 d5 3. Nd2 Nf6 4. e5 Nfd7 5. Bd3 c5 6. c3 Nc6 7. Ngf3 Be7 8. O-O
a5 9. Re1 a4 10. Nf1 cxd4 11. cxd4 Nb6 12. Ne3 Bd7 13. Bd2 a3 14. b3 Nb4 15.
Bxb4 Bxb4 16. Re2 Nc8 17. Rc1 Na7 18. Rec2 Nc6 19. Bb5 O-O 20. Bxc6 Bxc6 21. Ne1
Qb6 22. Nd3 Qxd4 23. Nxb4 Qxb4 24. Rd2 Qe4 25. Ng4 Rfc8 26. Rd4 Qf5 27. Rc3 Bb5
28. Rg3 Kh8 29. h3 Rc7 30. Kh2 Rac8 31. Qd2 h5 32. Rf3 Qg6 33. Rg3 Qh7 34. Nf6
Qc2 35. Qg5 Qg6 36. Qh4 Qh6 37. Rg5 g6 38. Nxh5 Rc2 39. Rf4 Be8 40. Qg3 R8c3 41.
Qh4 Rc8 42. Qg3 R8c3 43. f3 Rxa2 44. Rh4 Rxf3 45. Qxf3 Qxg5 46. Qf6+ Qxf6 47.
Nxf6+ Kg7 48. Rh7+ Kf8 49. Rh8+ Kg7 50. Rxe8 Re2 51. Rg8+ Kh6 52. Ng4+ Kg5 53.
Ra8 a2 54. Kg3 Rb2 55. b4 d4 56. Kf3 d3 57. Ne3 d2 58. Nd1 Rb1 59. Rxa2 Rxd1 60.
Ke3 Kf5 61. Ra5 Rb1 62. Kxd2 Rxb4 63. Ke3 Re4+ 64. Kf3 Rxe5 65. g4+ Kf6 66. Ra8
g5 67. Rb8 Rb5 0-1

[Event "ch-ISR 2013"]
[Site "Acre ISR"]
[Date "2013.04.13"]
[Round "8.1"]
[White "Nabaty, Tamir"]
[Black "Postny, Evgeny"]
[Result "1-0"]
[WhiteTitle "GM"]
[BlackTitle "GM"]
[WhiteElo "2564"]
[BlackElo "2635"]
[WhiteFideId "2809052"]
[BlackFideId "2804344"]
[EventDate "2013.04.06"]

1. e4 c6 2. c4 d5 3. exd5 cxd5 4. cxd5 Nf6 5. Qa4+ Nbd7 6. Nc3 g6 7. Bc4 Bg7 8.
Qb3 O-O 9. d3 b6 10. Be3 Bb7 11. Nge2 Rc8 12. a4 Nc5 13. Qa2 Nxd5 14. Nxd5 Bxd5
15. O-O Bb7 16. a5 Qd7 17. a6 Ba8 18. d4 Ne4 19. Nf4 Nf6 20. Rac1 Ng4 21. h3
Nxe3 22. fxe3 e6 23. Nxe6 Rxc4 24. Qxc4 fxe6 25. Rxf8+ Bxf8 26. Qc8 Qd5 27. Rc2
Kg7 28. Qc7+ Kg8 29. Qxa7 e5 30. Qb8 Kg7 31. Rc7+ Kg8 32. Rc2 Kg7 33. Qxe5+ Qxe5
34. dxe5 Bc5 35. Kf2 Kf7 36. b4 Bxb4 37. Rc8 Bd5 38. a7 Ke6 39. Re8+ Be7 40.
a8=Q Bxa8 41. Rxa8 h5 42. Rg8 Kf5 43. g4+ hxg4 44. hxg4+ Kxg4 45. Rxg6+ Kf5 46.
Rxb6 Kxe5 47. Kf3 Ba3 48. Rb5+ Ke6 49. Ke4 Bc1 50. Rb3 Bd2 51. Rb6+ Ke7 52. Kd5
Bc1 53. e4 Be3 54. Rb7+ Kf8 55. e5 Bc1 56. Ke6 1-0